000 01207nam0a22002411 4500
001 rc\3038477
005 20250530021928.0
035 _a(NLR Aleph) 007178905
090 _a7421724
_c7421724
100 _a20111005d1936 |||y0rusy50 ca
101 0 _arus
102 _aRU
105 _ay z |||||
200 1 _aПостановление Республиканской комиссии Узбекской ССР по присуждению премий по социалистическому соревнованию на лучшую постановку финансовой работы в колхозах
_eОт 5 апреля 1936 года
210 _a[Ташкент]
_cБ. и.
_d1936
_gтип. НКЗ УзССР
215 _a14, [2] с.
_d20 см
300 _aБез тит. л. и обл.
710 1 2 _aУзбекская республиканская комиссия по присуждению премий по социалистическому соревнованию на лучшую постановку финансовой работы в колхозах
_f1936
801 0 _aRU
_bNLR
_gpsbo
801 1 _aRU
_bELAR
_2rusmarc
852 _aNLR
_j36-10/2421
942 _cBOOK
980 _aNB